000 00704nam a2200253Ia 4500
003 OSt
005 20220928131119.0
006 a|||||r|||| 00| 0
007 ta
008 220927b |||||||| |||| 00| 0 eng d
020 _c649
024 _a128325
037 _b179, 15/12/2015, Classic Book Service
_cTextual
040 _aSDCL
_cSDCL
_beng
041 _2eng
_aeng
082 _aC, Q4.2
100 _aSinghal Manish K.
_9477192
245 0 _aPhysics for JEE (Vol.2)
260 _aNew Delhi
_bWiley
_c2015
300 _axxiii;788p.
_ccm.
650 _aI I C
942 _hC, Q4.2
_cTEXL
_2CC
999 _c789661
_d789661